Statistics for Marvel Cinematic Universe - Ultimate Character Quiz

Click here to take the quiz!

General Stats

  • This quiz has been taken 48 times
    (22 since last reset)
  • The average score is 113 of 341

Answer Stats

First* Movie / SeriesYearAnswer% Correct
Captain America: Civil War2016Peter Parker
94%
Spider-Man2002Peter Parker / Friendly Neighborhood Spider-Man
94%
The Amazing Spider-Man2012Peter Parker / The Amazing Spider-Man
94%
The Incredible Hulk2008Bruce Banner
81%
Loki2021Hunter B-15
81%
X-Men2000James "Logan" Howlett
81%
Thor2011Clint Barton
75%
Thor2011Loki
75%
Captain America: The Winter Soldier2014Sam Wilson
75%
Captain America: The First Avenger2011Steve Rogers
75%
Iron Man2008Tony Stark
75%
Venom2018Eddie Brock
69%
Thor2011Jane Foster
69%
Iron Man 22010Natasha Romanoff
69%
Iron Man2008Nick Fury
69%
Thor2011Odin
69%
Loki2021Ouroboros
69%
Thor2011Thor
69%
Iron Man2008Virginia "Pepper" Potts
69%
Deadpool / X-Men Origins: Wolverine2016 / 2009Wade Wilson
69%
Captain America: The Winter Soldier2014Wanda Maximoff
69%
Guardians of the Galaxy2014Gamora
63%
Ant-Man2015Hank Pym
63%
The Falcon and the Winter Soldier2021John Walker
63%
Hawkeye2021Kate Bishop
63%
Spider-Man2002Norman Osborn
63%
Guardians of the Galaxy2014Rocket
63%
The Avengers2012Thanos
63%
Avengers: Age of Ultron2015Ultron
63%
Avengers: Age of Ultron2015Vision
63%
Shang-Chi and the Legend of the Ten Rings2021Ying Li
63%
Captain America: The First Avenger2011Bucky Barnes
56%
Captain Marvel2019Carol Danvers
56%
Doctor Strange in the Multiverse of Madness2022Charles Xavier
56%
Guardians of the Galaxy2014Drax
56%
Thor2011Frigga
56%
X-Men: The Last Stand / The Marvels2006 / 2023Hank McCoy
56%
Iron Man2008Happy Hogan
56%
Thor: Ragnarok2017Hela
56%
Ant-Man2015Hope van Dyne
56%
Ant-Man2015Janet van Dyne
56%
Captain America: The First Avenger2011Peggy Carter
56%
Captain America: The Winter Soldier2014Pietro Maximoff
56%
Ant-Man2015Scott Lang
56%
Captain America: The Winter Soldier2014Sharon Carter
56%
Black Panther2018Shuri
56%
Doctor Strange2016Stephen Strange
56%
Captain America: Civil War2016T'Challa
56%
Shang-Chi and the Legend of the Ten Rings2021Xu Shang-Chi
56%
Guardians of the Galaxy Vol. 22017Ego
50%
Daredevil2003Elektra Natchios
50%
The Incredible Hulk2008Elizabeth "Betty" Ross
50%
Thor2011Erik Selvig
50%
Captain America: Civil War2016Everett K. Ross
50%
Spider-Man 32007Flint Marko
50%
Guardians of the Galaxy2014Groot
50%
Thor2011Heimdall
50%
Captain America: Civil War2016Helmut Zemo
50%
Iron Man 22010Ivan Vanko
50%
Iron Man2008James Rhodes
50%
Captain America: The First Avenger2011Johann Schmidt
50%
Ms. Marvel2022Kamala Khan
50%
Guardians of the Galaxy Vol. 22017Mantis
50%
The Avengers2012Maria Hill
50%
The Amazing Spider-Man 22014Max Dillon
50%
Loki2021Mobius M. Mobius
50%
Guardians of the Galaxy2014Nebula
50%
Spider-Man 22004Otto Octavius
50%
Guardians of the Galaxy2014Peter Quill
50%
Iron Man2008Phil Coulson
50%
Spider-Man: Far From Home2019Quentin Beck
50%
The Incredible Hulk2008Thaddeus E. "Thunderbolt" Ross
50%
Doctor Strange2016Wong
50%
Doctor Strange in the Multiverse of Madness2022America Chavez
44%
Doctor Strange2016Ancient One
44%
Ant-Man2015Cassie Lang
44%
Doctor Strange2016Christine Palmer
44%
The Amazing Spider-Man2012Curt Connors
44%
Thor2011Darcy Lewis
44%
Avengers: Endgame2019Edwin Jarvis
44%
Black Panther2018Erik "Killmonger" Stevens
44%
Iron Man2008Howard Stark
44%
Loki2021Hunter X-5
44%
Iron Man 22010Justin Hammer
44%
Doctor Strange2021Karl Mordo
44%
Thor: Ragnarok2017King "Val" Valkyrie
44%
Thor2011Laufey
44%
Captain America: Civil War2016May Parker
44%
Iron Man2008Obadiah Stane
44%
Captain America: Civil War2016T'Chaka
44%
Black Panther: Wakanda Forever2022T'Challa II
44%
Black Widow2021Valentina Allegra de Fontaine
44%
Iron Man 32013Aldrich Killian
38%
Deadpool2016Blind Al
38%
X-Men2000Colossus
38%
Avengers: Age of Ultron2015Cooper Barton
38%
Ant-Man2015Darren Cross
38%
Doctor Strange2016Dormammu
38%
Captain America: The First Avenger2011Dr. Arnim Zola
38%
The Incredible Hulk2008Emil Blonksy
38%
Avengers: Age of Ultron2015Helen Cho
38%
Loki / Ant-Man and the Wasp: Quantumania2021He Who Remains / Kang / Victor Timely
38%
Thor2011Jasper Sitwell
38%
She-Hulk: Attorney at Law2022Jennifer Walters
38%
Guardians of the Galaxy2014Korath
38%
Thor: Ragnarok2017Korg
38%
Eternals2021Kro
38%
Thor2011Lady Sif
38%
Avengers: Age of Ultron2015Laura Barton
38%
Avengers: Age of Ultron2015Lila Barton
38%
Ant-Man2015Maggie Lang
38%
Thor: The Dark World2013Malekith
38%
Moon Knight2022Marc Spector
38%
Captain America: Civil War2016Maria Stark
38%
She-Hulk: Attorney at Law2022Matt Murdock
38%
Iron Man 32013Maya Hansen
38%
Black Panther2018Nakia
38%
Avengers: Age of Ultron2015Nathaniel Pietro Barton
38%
Spider-Man: Homecoming2017Ned Leeds
38%
Black Panther2018Okoye
38%
The Falcon and The Winter Soldier2021Sarah Wilson
38%
Iron Man 22010Senator Stern
38%
Thor: The Dark World2013Taneleer Tivan
38%
Avengers: Age of Ultron2015Ulysses Klaue
38%
Hawkeye2021Wilson Fisk
38%
Black Widow2021Yelena Belova
38%
Captain America: The First Avenger2011Abraham Erskine
31%
Guardians of the Galaxy Vol. 32023Adam Warlock
31%
Spider-Man: Homecoming2017Adrian Toomes
31%
WandaVision2021Agatha Harkness
31%
The Falcon and The Winter Soldier
2021
AJ
31%
Eternals2021Ajak
31%
Captain America: The Winter Soldier2014Alexander Pierce
31%
Black Widow2021Antonia Dreykov
31%
Eternals2021Arishem
31%
Moon Knight2022Arthur Harrow
31%
Ant-Man and the Wasp2018Ava Starr
31%
Guardians of the Galaxy Vol. 22017Ayesha
31%
Captain America: Civil War2016Ayo
31%
Ant-Man and the Wasp2018Bill Foster
31%
WandaVision2021Billy Maximoff
31%
Captain America: The Winter Soldier2014Brock Rumlow
31%
The Falcon and The Winter Soldier2021Cass
31%
Captain America: The First Avenger2011Chester Phillips
31%
Avengers: Infinity War2018Corvus Glaive
31%
Avengers: Infinity War2018Cull Obsidian
31%
Eternals2021Dane Whitman
31%
Iron Man2008Dr. Ho Yinsen
31%
The Incredible Hulk2008Dr. Samuel Sterns
31%
Eternals2021Druig
31%
Avengers: Infinity War2018Ebony Maw
31%
Spider-Man: Homecoming2017Eugene "Flash" Thompson
31%
Thor2011Fandral
31%
Black Widow2021General Dreykov
31%
Eternals2021Gilgamesh
31%
Guardians of the Galaxy vol. 22017Grandmaster
31%
Iron Man 32013Harley Keener
31%
Thor2011Hogun
31%
Guardians of the Galaxy2014Howard the Duck
31%
Eternals2021Ikaris
31%
Guardians of the Galaxy2014Irani Rael
31%
Ant-Man and the Wasp2018James E. "Jimmy" Woo
31%
Guardians of the Galaxy2014Jason Quill
31%
Doctor Strange2016Kaecilius
31%
Moon Knight2022Khonshu
31%
Eternals2021Kingo
31%
Ant-Man2015Kurt
31%
Ant-Man2015Luis
31%
Eternals2021Makkari
31%
Captain Marvel2019Maria Rambeau
31%
Hawkeye2021Maya Lopez
31%
Guardians of the Galaxy2014Meredith Quill
31%
Loki2021Miss Minutes
31%
Captain Marvel2019Monica Rambeau
31%
Avengers: Endgame2019Morgan Stark
31%
Black Panther: Wakanda Forever2022Namor
31%
Deadpool 22018Peter
31%
Avengers: Infinity War2018Proxima Midnight
31%
Black Panther2018Ramonda
31%
Guardians of the Galaxy2014Rhomann Dey
31%
Black Panther: Wakanda Forever2022Riri Williams
31%
Guardians of the Galaxy2014Ronan the Accuser
31%
Eternals2021Sersi
31%
Eternals2021Sprite
31%
Captain Marvel2019Talos
31%
Eternals2021Thena
31%
Captain America: The First Avenger2011Timothy "Dum Dum" Dugan
31%
WandaVision2021Tommy Maximoff
31%
Iron Man 32013Trevor Slattery
31%
Deadpool2016Vanessa
31%
Thor2011Volstagg
31%
Captain America: The Winter Soldier2014Wolfgang von Strucker
31%
Shang-Chi and the Legend of the Ten Rings2021Xu Wenwu
31%
Shang-Chi and the Legend of the Ten Rings2021Xu Xialing
31%
Deadpool 2 / The Wolverine2018 / 2013Yukio
31%
Black Panther2018Zuri
31%
Black Widow2021Alexei Shostakov
25%
Moon Knight2022Ammit
25%
Doctor Strange in the Multiverse of Madness2022Blackagar Boltagon
25%
Guardians of the Galaxy2014Cosmo
25%
Ant-Man2015Dave
25%
Deadpool2016Dopinder
25%
Captain America: The Winter Soldier2014Dr. List
25%
Hawkeye2021Eleanor Bishop
25%
Captain Marvel2019G'iah
25%
Thor: Love and Thunder2022Gorr the God Butcher
25%
Secret Invasion2023Gravik
25%
Guardians of the Galaxy Vol. 32023High Evolutionary
25%
WandaVision2021Iryna Maximoff
25%
Hawkeye2021Jack Duquesne
25%
Spider-Man: Homecoming2017Jackson Brice
25%
Spider-Man2002J. Jonah Jameson
25%
The Falcon and the Winter Soldier2021Joaquin Torres
25%
The Falcon and the Winter Soldier2021Karli Morgenthau
25%
Shang-Chi and the Legend of the Ten Rings2021Katy
25%
Guardians of the Galaxy2014Kraglin Obfonteri
25%
Moon Knight2022Layla El-Faouly
25%
Guardians of the Galaxy Vol. 32023Lylla
25%
Iron Man 32013Matthew Ellis
25%
Black Panther2018M'Baku
25%
Spider-Man: Homecoming2017Michelle "MJ" Jones-Watson
25%
Thor: Ragnarok2017Miek
25%
Ms. Marvel2022Muneeba Khan
25%
Ms. Marvel2022Najma
25%
Deadpool2016Negasonic Teenage Warhead
25%
Doctor Strange2016Nicodemus West
25%
Black Panther2018N'Jobu
25%
WandaVision2021Olek Maximoff
25%
Eternals2021Phastos
25%
Loki2021Ravonna Renslayer
25%
Shang-Chi and the Legend of the Ten Rings2021Razor Fist
25%
Doctor Strange in the Multiverse of Madness2022Reed Richards
25%
Thor: Ragnarok2017Surtur
25%
Loki2021Sylvie
25%
Guardians of the Galaxy Vol. 22017Taserface
25%
The Avengers2012The Other
25%
WandaVision2021Tyler Hayward
25%
What If...?2021Watcher
25%
Black Panther2018W'Kabi
25%
Shang-Chi and the Legend of the Ten Rings2021Ying Nan
25%
Captain Marvel2019Yon-Rogg
25%
Ms. Marvel2022Aamir Khan
19%
Spider-Man: Homecoming2017Aaron Davis
19%
Ms. Marvel2022Aisha
19%
Thor: The Dark World2013Algrim
19%
Black Panther: Wakanda Forever2022Aneka
19%
Moon Knight2022Anton Mogart
19%
Iron Man 22010Anton Vanko
19%
Spider-Man: Homecoming2017Betty Brant
19%
Ms. Marvel2022Bruno Carrelli
19%
Thor: The Dark World2013Carina
19%
Loki2021Casey
19%
Iron Man2008Christine Everhart
19%
Shang-Chi and the Legend of the Ten Rings2021Death Dealer
19%
Hawkeye2021Derek Bishop
19%
Avengers: Infinity War2018Eitri
19%
She-Hulk: Attorney at Law2022Elaine Walters
19%
Moon Knight2022Elias Spector
19%
Eternals2021Eros
19%
Guardians of the Galaxy Vol. 32023Floor
19%
Captain America: The Winter Soldier2014Georges Batroc
19%
Captain America: The First Avenger2011Heinz Kruger
19%
Thor: Love and Thunder2022Hercules
19%
Spider-Man: Homecoming2017Herman Schultz
19%
Ant-Man2015Jim Paxton
19%
Doctor Strange2016Jonathan Pangborn
19%
Shang-Chi and the Legend of the Ten Rings2021Jon Jon
19%
Ms. Marvel2022Kamran
19%
Hawkeye2021Kazimierz "Kazi" Kazimierczak
19%
The Falcon and the Winter Soldier2021Lemar Hoskins
19%
Spider-Man: Homecoming2017Liz Allen
19%
Ant-Man and the Wasp: Quantumania2023Lord Krylar
19%
Thor: Love and Thunder2022Love
19%
Spider-Man: Homecoming2017Mac Gargan
19%
Captain Marvel2019Mar-Vell
19%
She-Hulk: Attorney at Law2022Mary MacPherran
19%
Ant-Man2015Mitchell Carson
19%
She-Hulk: Attorney at Law2022Morris Walters
19%
Spider-Man: Homecoming2017Phineas Mason
19%
Moon Knight2022Randall Spector
19%
The Incredible Hulk2008Roger Harrington
19%
Ant-Man and the Wasp2018Sonny Burch
19%
Captain Marvel2019Soren
19%
Moon Knight2022Taweret
19%
Guardians of the Galaxy Vol. 32023Teefs
19%
Ant-Man and the Wasp: Quantumania2023Veb
19%
Moon Knight2022Wendy Spector
19%
Iron Man2008William Ginter Riva
19%
Guardians of the Galaxy2014Yondu Udonta
19%
Ms. Marvel2022Yusuf Khan
19%
Guardians of the Galaxy Vol. 22017Aleta Ogord
13%
Black Panther: Wakanda Forever2022Attuma
13%
She-Hulk: Attorney at Law2022Augustus "Pug" Pugliese
13%
Spider-Man: Far From Home2019Brad Davis
13%
Captain America: The Winter Soldier2014Cameron Klein
13%
Doctor Strange in the Multiverse of Madness2022Clea
13%
The Marvels2023Dar-Benn
13%
Loki2021Dox
13%
The Marvels2023Dro'ge
13%
Werewolf By Night2022Elsa Bloodstone
13%
Ant-Man2015Gale
13%
Captain Marvel2019Goose
13%
Ms. Marvel2022Hasan
13%
The Falcon and the Winter Soldier2021Isaiah Bradley
13%
Captain America: The Winter Soldier2014Jack Rollins
13%
Werewolf by Night2022Jack Russell
13%
Ant-Man and the Wasp: Quantumania2023Jentorra
13%
Spider-Man: Far From Home2019Julius Dell
13%
Ms. Marvel2022Kareem
13%
Guardians of the Galaxy Vol. 22017Mainframe
13%
She-Hulk: Attorney at Law2022Mallory Book
13%
Guardians of the Galaxy Vol. 22017Martinex
13%
Black Widow2021Melina Vostokoff
13%
Ms. Marvel2022Nakia Bahadir
13%
Black Panther: Wakanda Forever2022Namora
13%
She-Hulk: Attorney at Law2022Nikki Ramos
13%
Guardians of the Galaxy Vol. 32023Phyla
13%
Eternals2021Pip the Troll
13%
The Marvels2023Prince Yan
13%
Ant-Man and the Wasp: Quantumania2023Quaz
13%
Secret Invasion2023Raava
13%
Wanda Vision2021Ralph Bohner
13%
Iron Man2008Raza Hamidmi al-Wazar
13%
She-Hulk: Attorney at Law2022Skaar
13%
Secret Invasion2023Sonya Falsworth
13%
Guardians of the Galaxy Vol. 22017Stakar Ogord
13%
Werewolf by Night2022Ted
13%
She-Hulk: Attorney at Law2022Todd Phelps
13%
Ms. Marvel2022Tyesha Hillman
13%
Secret Invasion2023Varra
13%
Werewolf By Night2022Verussa Bloodstone
13%
Thor: Love and Thunder2022Zeus
13%
Thor: Love and Thunder2022Axl
6%
Guardians of the Galaxy Vol. 22017Charlie-27
6%
She-Hulk: Attorney at Law2022Ched
6%
The Falcon and the Winter Soldier2021Eli Bradley
6%
Spider-Man: Homecoming2017Jason Ionello
6%
Eternals2021Karun Patel
6%
Guardians of the Galaxy Vol. 22017Krugarr
6%
Spider-Man: No Way Home2021P. Cleary
6%
Ms. Marvel2022Sana
6%

Score Distribution

Percentile by Number Answered

Percent of People with Each Score

Your Score History

You have not taken this quiz since the last reset